01486nam a2200337 a 4500001001000000003000500010005001700015008004100032010001100073011001100084040000900095090001000104100003900114245018200153260004100335500006000376502006900436590004100505590004000546590004000586650005700626650005100683700003600734856007000770901000700840942001000847942000600857999001900863952013100882952013501013000113759CHAP20220329144411.0170914s2017 mx sm |||||||spa d a110220 a111192 cCHAP aTesis1 aEleazar Abraham, Beh Miss.913337710aSatisfacción académica de los estudantes de Ingeniería Forestal, en la Universidad Autónoma Chapingoh[En línea]cpor Beh Miss Eleazar Abraham y Manuel Pacheco Castro. aChapingo, Méx. :bEl autor,c2017. aPara ver el contenido del material haga clic en la liga aTesis (Ing. Forestal) -- UACH. División de Ciencias Forestales aBATCH-UPDb05c20191003lUCH01h0957 aE5765TAJb05c20170914lUCH01h1200 aE5765TAJb05c20170914lUCH01h120014aPlanificación educativaxEstudio de casos.913337914aUACHxPlanes de estudioxEvaluación.913338014aPacheco Castro, Manuel.9133378 aFinding aiduhttp://10.13.5.2/tesis/sist113759.pdfzTeclea aquí aBK cTESIS n0 c110220d110220 00104054718TESISaBCbBCd2017-09-14fTESISl0oTesisp113761-10r2019-12-31 00:00:00w2019-12-31yTESISzRecien adquirido 00102local4053708TESISaBCbBCcPA_TESISd2017-09-14fTESISl0oTesisp113761-20r2019-12-31 00:00:00tc.2w2019-12-31yTESIS